000
00328nam a2200133 a 4500
005
20140414131918.0
008
101020s19uu xx 00 eng d
050
_a
ER
_b
L72 1989
100
_a
Most, Bernard
245
_a
The littlest dinosaurs.
260
_b
Voyager book,
_c
1989.
_a
San Diego :
440
_a
999
_c
111584
_d
111584